Soft Skills: How to See Measure and Build the Skills that Make us Uniquely Human (Record no. 43390)
[ view plain ]
| 000 -LEADER | |
|---|---|
| fixed length control field | 00527nam a22001697a 4500 |
| 005 - DATE AND TIME OF LATEST TRANSACTION | |
| control field | 20250325140814.0 |
| 008 - FIXED-LENGTH DATA ELEMENTS--GENERAL INFORMATION | |
| fixed length control field | 250325b |||||||| |||| 00| 0 eng d |
| 020 ## - INTERNATIONAL STANDARD BOOK NUMBER | |
| International Standard Book Number | 9783111050591 |
| 041 ## - LANGUAGE CODE | |
| Language code of text/sound track or separate title | Eng. |
| 082 ## - DEWEY DECIMAL CLASSIFICATION NUMBER | |
| Classification number | 650.14 MOL |
| 100 ## - MAIN ENTRY--PERSONAL NAME | |
| Author | Moldoveanu, Mihnea C |
| 245 ## - TITLE STATEMENT | |
| Title | Soft Skills: How to See Measure and Build the Skills that Make us Uniquely Human |
| 260 ## - PUBLICATION, DISTRIBUTION, ETC. | |
| Place | Boston |
| Publisher | De Gruyter |
| Publication Year | 2024 |
| 300 ## - PHYSICAL DESCRIPTION | |
| Extent | 220;. P. 23 cm |
| 650 ## - SUBJECT ADDED ENTRY--TOPICAL TERM | |
| Subject | Soft Skills; Communication in Organizations; Human Resource Management |
| 942 ## - ADDED ENTRY ELEMENTS (KOHA) | |
| Koha item type | Books |
| Withdrawn status | Lost status | Source of classification or shelving scheme | Damaged status | Not for loan | Home library | Current library | Shelving location | Accession Date | Vendor | Price | Bill number | Full call number | Barcode No | Date last seen | Discount | Bill Date | Koha item type | Suggested By |
|---|---|---|---|---|---|---|---|---|---|---|---|---|---|---|---|---|---|---|
| Dewey Decimal Classification | IMTN | IMTN | Rack 18-B | 03/18/2025 | Raghav Books Private Limited | 2791.34 | 2374 | 650.14 MOL | 33681 | 03/25/2025 | 33 | 02/14/2025 | Books | Dr. Senthil Kumar |